Leitfaden für die Anwendung von Gruppenberatung in Vollzugsanstalten: fertiggest. unter der Schirmherrschaft des Institutes für die Erforschung von Verbrechen und Verwahrlosung (Study of crime and delinquency), Sacramento, Kalifornien

Gespeichert in:  
Bibliographische Detailangaben
1. VerfasserIn: Fenton, Norman (Verfasst von)
Medienart: Druck Buch
Sprache:Deutsch
Veröffentlicht: Bonn-Bad Godesberg Deutsche Bewährungshilfe 1972
In:Jahr: 1972
Bestand in Albert-Krebs Bibliothek:NL.70.012
2015-704
Verfügbarkeit prüfen: HBZ Gateway
Subito Bestelldienst: Jetzt bestellen.
Schlagwörter:

MARC

LEADER 00000cam a2200000 c 4500
001 1129060071
003 DE-627
005 20230707180808.0
007 tu
008 970520s1972 gw ||||| 00| ||ger c
035 |a (DE-627)1129060071 
035 |a (DE-576)059060077 
035 |a (DE-599)BSZ059060077 
035 |a (OCoLC)312729752 
035 |a (OCoLC)312729752 
035 |a (DE-604)8086455001 
040 |a DE-627  |b ger  |c DE-627  |e rakwb 
041 |a ger 
044 |c XA-DE 
084 |a 2,1  |2 ssgn 
084 |a DG 8000  |2 rvk  |0 (DE-625)rvk/19561: 
100 1 |a Fenton, Norman  |4 aut 
240 1 2 |a A handbook on the use of group counseling in correctional institutions <dt.> 
245 1 0 |a Leitfaden für die Anwendung von Gruppenberatung in Vollzugsanstalten  |b fertiggest. unter der Schirmherrschaft des Institutes für die Erforschung von Verbrechen und Verwahrlosung (Study of crime and delinquency), Sacramento, Kalifornien 
246 3 3 |a Gruppenberatung 
264 1 |a Bonn-Bad Godesberg  |b Deutsche Bewährungshilfe  |c 1972 
300 |a 309 S. 
336 |a Text  |b txt  |2 rdacontent 
337 |a ohne Hilfsmittel zu benutzen  |b n  |2 rdamedia 
338 |a Band  |b nc  |2 rdacarrier 
490 0 |a Schriftenreihe der Deutschen Bewährungshilfe e.V. 
583 1 |a Archivierung prüfen  |c 20230513  |f DE-640  |z 3  |2 pdager 
650 0 |a Group counseling  |2 DE-289 
650 0 |a Criminals  |x Rehabilitation  |2 DE-289 
650 4 |a Strafvollzug  |x Gruppenarbeit  |7 (dpeaa)DE-2619 
650 4 |a Beratung  |7 (dpeaa)DE-2619 
651 7 |0 (DE-588)4078704-7  |0 (DE-627)106076612  |0 (DE-576)209209682  |a Usa  |2 gnd  |7 (dpeaa)DE-2619 
689 0 0 |d s  |0 (DE-588)4006305-7  |0 (DE-627)106378023  |0 (DE-576)208865039  |a Bewährungshilfe  |2 gnd 
689 0 1 |d s  |0 (DE-588)4158435-1  |0 (DE-627)10549304X  |0 (DE-576)209842202  |a Gruppenberatung  |2 gnd 
689 0 |5 (DE-627) 
689 1 0 |d s  |0 (DE-588)4158435-1  |0 (DE-627)10549304X  |0 (DE-576)209842202  |a Gruppenberatung  |2 gnd 
689 1 1 |d s  |0 (DE-588)4057808-2  |0 (DE-627)106149415  |0 (DE-576)20912377X  |a Strafvollzug  |2 gnd 
689 1 |5 (DE-627) 
700 1 2 |a Fenton, Norman  |t A handbook on the use of group counseling in correctional institutions <dt.> 
935 |a mkri 
936 r v |a DG 8000  |b Jugendkriminalität, Fürsorgeerziehung, Resozialisierung  |k Pädagogik  |k Spezialfragen der Erziehung  |k Jugendkriminalität, Fürsorgeerziehung, Resozialisierung  |0 (DE-627)1270769502  |0 (DE-625)rvk/19561:  |0 (DE-576)200769502 
951 |a BO 
ELC |b 1 
LOK |0 000 xxxxxcx a22 zn 4500 
LOK |0 001 2512406245 
LOK |0 003 DE-627 
LOK |0 004 1129060071 
LOK |0 005 20060718175614 
LOK |0 008 060718||||||||||||||||ger||||||| 
LOK |0 040   |a DE-21-43  |c DE-627  |d DE-21-43 
LOK |0 541   |e 93/206 
LOK |0 852   |a DE-21-43 
LOK |0 852 1  |c Hq I 118  |m p  |9 00 
LOK |0 935   |a k043  |a j043  |a kneu 
LOK |0 938   |k p 
LOK |0 939   |a 18-07-06  |b l01 
LOK |0 000 xxxxxcx a22 zn 4500 
LOK |0 001 4196238394 
LOK |0 003 DE-627 
LOK |0 004 1129060071 
LOK |0 005 20221011150143 
LOK |0 008 221011||||||||||||||||ger||||||| 
LOK |0 035   |a (DE-2619)k04394 
LOK |0 040   |a DE-2619  |c DE-627  |d DE-2619 
LOK |0 092   |o n 
LOK |0 541   |e Bestand Albert-Krebs-Bibliothek: 2015-704 
LOK |0 852   |a DE-2619 
LOK |0 852 1  |c NL.70.012  |m p  |9 00 
LOK |0 935   |a kreb 
LOK |0 938   |k p 
LOK |0 939   |a 11-10-22  |b l01 
ORI |a SA-MARC-krimdoka001.raw